00000000nam##2200000za#4500
0019.531065
003CaOODSP
00520200327075526
007ta
008150406|1998||||xxc|||||     f|0| 0 fre|d
020 |a0-660-60698-4
040 |aCaOODSP|bfre
041 |aeng
041 |afre
043 |an-cn---
0861 |aBT31-4/33-1998
1101 |aCanada. |bConseil du trésor.
24510|aTribunal de l'aviation civile du Canada
260 |aOttawa - Ontario : |bSecrétariat du Conseil du Trésor du Canada |c1998.
300 |aTexte français, 15p. : |btableaux ; |c28 cm.
4901 |aRapport sur le rendement pour la période se terminant le 31 mars 1998
546 |aBilingue
563 |aCouverture souple
590 |a98-45|b1998-11-06
7760#|tCivil Aviation Tribunal of Canada, performance report for the period ending March 31, 1998 |w(CaOODSP)9.568843
7760#|tTribunal de l'aviation civile du Canada, rapport sur le rendement pour la période se terminant le 31 mars 1998 |w(CaOODSP)9.600106
791 |tCivil Aviation Tribunal of Canada|eeng|w(CaOODSP)9.531064
830#0|aRapport sur le rendement pour la période se terminant le 31 mars 1998.|w(CaOODSP)9.508975